00353pab a2200121 454500008004000000100002200040245009100062260000900153300000800162362000900170650003400179773001800213180718b1989 xxu||||| |||| 00| 0 eng d aWelch, Richard V. aLocal government commissions and local government reformbThe failures and now success c1989 a3-6 aMar. aLocal Government - NewZealand aPublic Sector